Human impacts on weather and climate /

Bibliographic Details
Main Author: Cotton, William R., 1940-
Other Authors: Pielke, Roger A., Sr., 1946-
Format: Book
Language:English
Published: Fort Collins, CO : *ASTeR Press, [1992]
Series:Geophysical science series ; vol. 2.
Subjects:

MARC

Tag First Indicator Second Indicator Subfields
LEADER 00000cam a2200000 a 4500
001 in00001117621
005 20150930080651.0
008 911121s1992 coua b 001 0 eng
010 |a  91077454  
020 |a 0962598615 
035 |a (OCoLC)27549227 
035 |9 AFW8847AM 
040 |a DLC  |c DLC  |d PSM  |d TXA  |d UtOrBLW 
049 |a TXAM 
050 0 0 |a QC981  |b .C72 1992 
082 0 0 |a 551.6  |2 20 
100 1 |a Cotton, William R.,  |d 1940- 
245 1 0 |a Human impacts on weather and climate /  |c William R. Cotton, Roger A. Pielke. 
264 1 |a Fort Collins, CO :  |b *ASTeR Press,  |c [1992] 
264 4 |c ©1992 
300 |a vii, 288 pages :  |b illustrations ;  |c 23 cm. 
336 |a text  |b txt  |2 rdacontent 
337 |a unmediated  |b n  |2 rdamedia 
338 |a volume  |b nc  |2 rdacarrier 
490 1 |a Geophysical science series ;  |v vol. 2 
504 |a Includes bibliographical references (pages 233-278) and index. 
505 0 |a The rise of the science of weather modification by cloud seeding -- The glory years of weather modification -- The fall of the science of weather modification by cloud seeding -- Anthropogenic emissions of aerosols and gases -- Urban-induced changes in precipitation and weather -- Other landuse changes -- Concluding remarks regarding human impacts on regional weather and climate -- Fundamental principles important to understanding global climate change -- Climatic effects of anthropogenic aerosol -- Nuclear winter -- The greenhouse gas theory -- Human impacts on biosphere forcing of climatic variability. 
650 0 |a Climatology  |x Social aspects. 
650 0 |a Weather  |x Social aspects. 
650 0 |a Nature  |x Effect of human beings on. 
650 0 |a Climatic changes. 
700 1 |a Pielke, Roger A.,  |c Sr.,  |d 1946- 
830 0 |a Geophysical science series ;  |v vol. 2. 
999 |a MARS 
999 f f |s 6fc8417d-9b87-3460-a333-6ed7f8d03242  |i c086b04d-7787-32b3-948d-a68b97713495  |t 0 
952 f f |p ric  |a Texas A&M University  |b Rellis Campus  |c Joint Library Facility  |s JLF  |d Remote Storage  |t 0  |e QC981 .C72 1992  |h Library of Congress classification  |i unmediated -- volume  |m A14817382533 
998 f f |a QC981 .C72 1992  |t 0  |l Remote Storage